Postaw na milion 189 - Statystyki

Ogólne statystyki
  • Ten quiz został rozwiązany 18 razy
  • Średni wynik to 8 z 12
Statystyki odpowiedzi
Zagadnienie Odpowiedź % Poprawnych
Dodanie kurkumy do potrawy zmieni jej kolor na: żółty
100%
Galicja to: region autonomiczny w Hiszpanii
88%
Dyscyplina, w której odnosi sukcesy Anita Włodarczyk, wielokrotna medalistka igrzysk olimpijskich, mistrzostw świata i Europy to: rzut młotem
88%
Co było celem amerykańskiego programu kosmicznego Apollo? lądowanie człowieka na Księżycu
81%
Kto założył Teatr Narodowy w Warszawie? król Stanisław August
75%
Jaki nietypowy obiekt znajduje się w hali odlotów na lotnisku Chopina w Warszawie? fortepian
69%
Państwo, którego stolicą jest Wagadugu to: Burkina Faso
63%
W którym z tych państw udział obywateli w wyborach powszechnych jest obowiązkowy? w Belgii
63%
Słynny "Pocałunek" zaliczany do tzw. złotego okresu w twórczości artysty, namalował: Gustav Klimt
50%
Biorąc pod uwagę rekordy sportowe, który z tych stylów pływackich jest szybszy? motylkowy
44%
Który to obrządek zaślubin, jeśli nowożeńcom podczas ceremonii wkłada się korony na głowy? prawosławny
38%
Którego dnia obchodzi się Światowy Dzień Gwiezdnych Wojen? 4 maja
25%
Nie znaleziono quizów pasujących do podanych kryteriów
Rozkład punktacji
Procent ludzi z każdym wynikiem
Percentyl według liczby udzielonych odpowiedzi
Twoja historia wyników
Nie rozwiązałeś tego quizu